نظرية السعر في الإقتصاد الإسلامي /
Saved in:
| Main Author: | |
|---|---|
| Other Authors: | |
| Format: | Thesis |
| Language: | Arabic |
| Published: |
Yarmuk :
Jami'at al-Yarmuk,
2000
|
| Subjects: | |
| Tags: |
Add Tag
No Tags, Be the first to tag this record!
|
| LEADER | 014710000a22002890004500 | ||
|---|---|---|---|
| 008 | 120502s2000 jo f 000 0 ara d | ||
| 040 | |a UIAM |b eng | ||
| 041 | |a ara | ||
| 050 | 0 | 0 | |a HB221 |
| 100 | 1 | |a عبيدات، أحمد حيدر أحمد | |
| 242 | 1 | 0 | |a Nazariyah al-si'r fi al-iqtisad al-Islami |
| 245 | 1 | 0 | |a نظرية السعر في الإقتصاد الإسلامي / |c إعداد الطالب، أحمد حيدر أحمد عبيدات |
| 260 | |a Yarmuk : |b Jami'at al-Yarmuk, |c 2000 | ||
| 300 | |a 128 leaves ; |c 30 cm. | ||
| 500 | |a " قدمت هذهالرسالة استكمالا لمتطلبات درجة الماجستير في الإقتصاد الإسلامي من قسم الفقة والدراسات الإسلامية، جامعة اليرموك" --On t.p. | ||
| 502 | |a Thesis (M.A.)--Jami'at al-Yarmuk, 2000. | ||
| 504 | |a Includes bibliographical references (leaves 118 - 128). | ||
| 596 | |a 1 | ||
| 650 | 0 | |a Prices | |
| 650 | 0 | |a Price regulation (Islamic law) | |
| 650 | 0 | |a Economics, Islamic | |
| 655 | |a Theses, Facsimile edition (Islamic) | ||
| 700 | 1 | |a 'Ubaydat, Ahmad Haydar Ahmad | |
| 900 | |a arf-ls | ||
| 999 | |c 432723 |d 463368 | ||
| 952 | |0 0 |6 TI HB 000221 U12N 2000 |7 0 |8 THESES |9 752075 |a IIUM |b IIUM |c MULTIMEDIA |g 240.00 |o ti HB 221 U12N 2000 |p 00011203215 |r 2017-10-23 |t 1 |v 240.00 |y THESIS | ||
| 952 | |0 0 |6 TI HB 000221 U12N 2000 |7 0 |8 THESES |9 752076 |a IIUM |b IIUM |c MULTIMEDIA |g 240.00 |o ti HB 221 U12N 2000 |p 00011203214 |r 2017-10-23 |t 2 |v 240.00 |y THESIS | ||
